Central Library OPAC University of Rajshahi

The Cambridge history of English literature / (Record no. 20215)

MARC details
000 -LEADER
fixed length control field 00868cam a2200253u 4500
001 - CONTROL NUMBER
control field 20215
003 - CONTROL NUMBER IDENTIFIER
rucl marc code BD-RjUL
005 - DATE AND TIME OF LATEST TRANSACTION
control field 20211209000532.0
008 - FIXED-LENGTH DATA ELEMENTS--GENERAL INFORMATION
fixed length control field 140227r19501932enk 000 0 eng
035 ## - SYSTEM CONTROL NUMBER
System control number (BD-RjUL)20277
040 ## - CATALOGING SOURCE
Original cataloging agency DLC
Transcribing agency CarP
Modifying agency DLC
-- BD-RjUL
Language of cataloging eng
041 ## - LANGUAGE CODE
Language code of text/sound track or separate title eng
082 ## - DEWEY DECIMAL CLASSIFICATION NUMBER
Classification number 820.9
Author mark and year CAM V-4 1950
245 04 - TITLE STATEMENT
Title The Cambridge history of English literature /
Statement of responsibility, etc. edited by Sir A. W. Ward and A. R. Waller.
Number of part/section of a work Volume IV :
Name of part/section of a work Prose and Poetry Sir Thomas Nortoh to Michael Drayton
260 ## - PUBLICATION, DISTRIBUTION, ETC. (IMPRINT)
Place of publication, distribution, etc. Cambridge :
Name of publisher, distributor, etc. The University press,
Date of publication, distribution, etc. [Reprinted 1950]
300 ## - PHYSICAL DESCRIPTION
Pagination viii, 434 p. ;
Size 25 cm.
650 #0 - SUBJECT ADDED ENTRY--TOPICAL TERM
Topical term or geographic name as entry element English literature
General subdivision History and criticism.
9 (RLIN) 62304
651 #0 - SUBJECT ADDED ENTRY--GEOGRAPHIC NAME
Geographic name Great Britain
General subdivision Intellectual life.
9 (RLIN) 62305
700 1# - ADDED ENTRY--PERSONAL NAME
Personal name Ward, A. W.
Personal name Waller, A. R.
942 ## - ADDED ENTRY ELEMENTS (KOHA)
Source of classification or shelving scheme Dewey Decimal Classification
Koha item type Books
Holdings
Lost status Source of classification or shelving scheme Damaged status Not for loan Collection code Permanent Location Current Location Shelving location Date acquired Source of acquisition Cost, normal purchase price Total Checkouts Full call number Date last seen Copy number Koha item type
  Dewey Decimal Classification   Not For Loan Fiction Central Library, University of Rajshahi Central Library, University of Rajshahi Reading Room 23/02/1955 W. B. C. 9.60   820.9 CAM V-4 1950 27/02/2014 C-1 Books
  Dewey Decimal Classification       Central Library, University of Rajshahi Central Library, University of Rajshahi   27/02/2014       820.9 CAM V-4 1950 27/02/2014   Books